Propuestas políticas y demandas sociales

Saved in:
Bibliographic Details
Main Author: Garretón Merino, Manuel Antonio (autor)
Format: Book
Language:Spanish
Published: Santiago Flacso 1989
Subjects:
Tags: Add Tag
No Tags, Be the first to tag this record!

MARC

LEADER 00000nam a2200000 a 4500
001 UCW6152
003 CL-VaPUC
008 911022e19890000CL |||||||||||||||||spa|d
082 0 4 |a 361  |b GAR  |2 21 
100 |a Garretón Merino, Manuel Antonio  |e autor  |9 617177 
245 1 0 |a Propuestas políticas y demandas sociales 
300 |a 3 v 
942 |c BK 
945 |d 19911022 00:00:00 
260 |a Santiago  |b Flacso  |c 1989 
650 0 |a Medio ambiente  |9 257625 
650 7 |a LEGISLACION SOCIAL  |2 CL-VaPUC  |9 257176 
650 0 |a Vivienda  |9 258662 
650 0 |a Condiciones económicas  |9 258255 
650 0 |a Condiciones sociales   |9 257278 
650 0 |a Política y gobierno  |9 255151 
651 7 |a CHILE  |2 CL-VaPUC  |9 311156 
583 |a last modification  |c 19911022 00:00:00  |k Rodrigo Vera 
999 |c 219311  |d 219309 
952 |0 0  |1 0  |4 0  |6 361_000000000000000_GAR_1989  |7 0  |8 A  |9 210083  |a BIBGIM  |b BIBGIM  |d 2019-11-15  |h v.1  |i 2781689  |o 361 GAR 1989  |p 2781689  |r 2025-01-15  |w 2019-11-15  |y BK  |k SSL 
952 |0 0  |1 0  |4 0  |6 361_000000000000000_GAR_1989  |7 0  |8 A  |9 210084  |a BIBGIM  |b BIBGIM  |d 2019-11-15  |h v.2  |i 2781697  |o 361 GAR 1989  |p 2781697  |r 2025-01-15  |w 2019-11-15  |y BK  |k SSL 
952 |0 0  |1 0  |4 0  |6 361_000000000000000_GAR_1989  |7 0  |8 A  |9 210085  |a BIBGIM  |b BIBGIM  |d 2019-11-15  |h v.2  |i 2781700  |o 361 GAR 1989  |p 2781700  |r 2025-01-15  |w 2019-11-15  |y BK  |k SSL 
952 |0 0  |1 0  |4 0  |6 361_000000000000000_GAR_1989  |7 0  |8 A  |9 210086  |a BIBGIM  |b BIBGIM  |d 2019-11-15  |h v.2  |i 2781719  |o 361 GAR 1989  |p 2781719  |r 2025-01-15  |w 2019-11-15  |y BK  |k SSL 
952 |0 0  |1 0  |4 0  |6 361_000000000000000_GAR_1989  |7 0  |8 A  |9 210087  |a BIBGIM  |b BIBGIM  |d 2019-11-15  |h v.3  |i 2781727  |o 361 GAR 1989  |p 2781727  |r 2025-01-15  |w 2019-11-15  |y BK  |k SSL 
952 |0 0  |1 0  |4 0  |6 361_000000000000000_GAR_1989  |7 0  |8 A  |9 210088  |a BIBGIM  |b BIBGIM  |d 2019-11-15  |h v.3  |i 2781735  |o 361 GAR 1989  |p 2781735  |r 2025-01-15  |w 2019-11-15  |y BK  |k SSL 
952 |0 0  |1 0  |4 0  |6 361_000000000000000_GAR_1989  |7 0  |8 P  |9 210089  |a BIBEDU  |b BIBEDU  |c BIBEDU_PB  |d 2019-11-15  |h v.1  |i 2781743  |o 361 GAR 1989  |p 2781743  |r 2024-01-25  |w 2019-11-15  |y BK  |k EDU